Intercropping with Hevea in Vietnam (Record no. 61532)

MARC details
000 -LEADER
fixed length control field 00915nam a2200169Ia 4500
100 ## - MAIN ENTRY--AUTHOR NAME
Personal name Lam Lai Van
245 #0 - TITLE STATEMENT
Title Intercropping with Hevea in Vietnam
260 ## - PUBLICATION, DISTRIBUTION, ETC. (IMPRINT)
Name of publisher Papers presented at IRRDB seminar 5-8 November 1996 Sri Lanka p30
520 ## - SUMMARY, ETC.
Summary, etc Intercropping with annual and perennial crops in rubber fields, which has contributed to the improvement in the income of rubber growers and also the effective usage of land, has been practised by both estates and smallholdings in Vietnam for a long time. Modified systems, with hedgerow planting techniques, have also been adopted to improve the effectiveness of intercropping in rubber plantations. Social and economic aspects of intercropping with Hevea are discussed.
650 ## - SUBJECT ADDED ENTRY--TOPICAL TERM
Topical Term Hevea
650 ## - SUBJECT ADDED ENTRY--TOPICAL TERM
Topical Term Intercropping
650 ## - SUBJECT ADDED ENTRY--TOPICAL TERM
Topical Term Vietnam
700 ## - ADDED ENTRY--PERSONAL NAME
Personal name Pham Thanh Tinh
700 ## - ADDED ENTRY--PERSONAL NAME
Personal name Pham Thi Dung
942 ## - ADDED ENTRY ELEMENTS (KOHA)
Koha item type Journals
Holdings
Withdrawn status Lost status Damaged status Not for loan Home library Current library Shelving location Date acquired Koha item type
      Journals RRII Library RRII Library Soils and agonomy 17/12/2021 Journals